Abréviations du langage SMS qui contiennent volontairement des fautes - Statistiques

Statistiques générales
  • Ce quiz a été pris 108 fois
  • Le résultat moyen est 9 sur 10
Statistiques - réponses
Hint Réponse % Correct
TKT T'inquiète
100%
PK Pourquoi
98%
PSK Parce que
97%
TFK Tu fais quoi
96%
KWA Quoi
93%
OKLM Au calme
92%
SV Ça va
90%
KOM Comme
85%
SDK Ça dit quoi
77%
AZE Vas-y
77%
Aucun quiz correspondant
Distribution des résultats
% des personnes avec chaque résultat
Percentile par nombre de réponses
Votre historique - résultats
Vous n’avez pas pris ce quiz